Statistics for Finish the video game title

Click here to take the quiz!

General Stats

  • This quiz has been taken 21 times
  • The average score is 25 of 43

Answer Stats

HintAnswer% Correct
Assassin's ________Creed
100%
Spider-_____Man
100%
Red Dead __________Redemption
100%
Call Of ______Duty
94%
Resident _____Evil
94%
Middle earth: shadow ofWar/Mordor
94%
Mine_____Craft
89%
Street ________Fighter
89%
Mortal ________Kombat
89%
Elden ______Ring
89%
God of _____War
89%
Super Smash _____Bros
83%
The Last ___ ___Of Us
83%
Batman Arkam ________Origins/Asylum/City/Knight
78%
Grand _______ ______Theft Auto
78%
Baldurs ______Gate
72%
Fort____Nite
72%
Hogwarts _________Legacy
61%
Dying ______Light
61%
Devil ____ ____May Cry
61%
Fallout _____ _______New Vegas
61%
Gears __ ____Of War
61%
Saints ____Row
61%
Detroit ________ _______Become Human
56%
The Elder Scrolls V: _________Skyrim
56%
Doom _________Eternal
50%
Max ________Payne
50%
Ghost Of __________Tsushima
44%
Alan ______Wake
44%
The Witcher 3: _____ ______Wild Hunt
44%
God of war ____________Ragnarok
39%
Bioshock ________Infinite
33%
Infamous _________ ____Second Son
33%
Spider-Man _______ __________Miles Morales
28%
Lords OfThe Fallen
28%
Uncharted 4:__ ______ ____A Thief's End
22%
Dragon's ________Dogma
22%
Star wars Jedi _________Survivor
22%
Kingdom Come ___________Deliverance
17%
Demon's _______Souls
17%
Sekiro: Shadows ____ _______Die Twice
11%
Dying light 2 _____ ________Stay Human
11%
Deep ______Space
0%

Score Distribution

Percentile by Number Answered

Percent of People with Each Score

Your Score History

You have not taken this quiz